Crystallography of modular materials / (Record no. 11564)

MARC details
000 -LEADER
fixed length control field 01552cam a2200337 i 4500
001 - CONTROL NUMBER
control field 13688716
003 - CONTROL NUMBER IDENTIFIER
control field EG-ScBUE
005 - DATE AND TIME OF LATEST TRANSACTION
control field 20251221102410.0
008 - FIXED-LENGTH DATA ELEMENTS--GENERAL INFORMATION
fixed length control field 040816s2008 enka f b 001 0 eng d
020 ## - INTERNATIONAL STANDARD BOOK NUMBER
International Standard Book Number 9780199545698
035 ## - SYSTEM CONTROL NUMBER
System control number (OCoLC)ocm53393324
040 ## - CATALOGING SOURCE
Original cataloging agency EG-ScBUE
Language of cataloging eng
Description conventions rda
Transcribing agency EG-ScBUE
Modifying agency EG-ScBUE
082 04 - DEWEY DECIMAL CLASSIFICATION NUMBER
Classification number 548.81
Edition number 22
Item number FER
100 1# - MAIN ENTRY--PERSONAL NAME
Personal name Ferraris, Giovanni,
9 (RLIN) 4899
Relator term author.
245 10 - TITLE STATEMENT
Title Crystallography of modular materials /
Statement of responsibility, etc Giovanni Ferraris, Department of Mineralogical and Petrologic Sciences, University of Turin, Emil Makovicky, Mineralogical Department of the Geological Institute, University of Copenhagen, Stefano Merlino, Department of Earth Science, University of Pisa.
264 #1 - PUBLICATION, DISTRIBUTION, ETC. (IMPRINT)
Place of publication, distribution, etc Oxford :
Name of publisher, distributor, etc Oxford University Press,
Date of publication, distribution, etc 2008.
300 ## - PHYSICAL DESCRIPTION
Extent x, 372 pages :
Other physical details illustrations ;
Dimensions 24 cm.
336 ## - CONTENT TYPE
Source rdacontent
Content type term text
Content type code txt
337 ## - MEDIA TYPE
Media type term unmediated
Source rdamedia
Media type code n
338 ## - CARRIER TYPE
Carrier type term volume
Carrier type code nc
Source rdacarrier
490 0# - SERIES STATEMENT
Series statement International Union of Crystallography monographs on crystallography book series ;
Volume number/sequential designation 15
504 ## - BIBLIOGRAPHY, ETC. NOTE
Bibliography, etc Includes bibliographical references and index.<br/>
650 #7 - SUBJECT ADDED ENTRY--TOPICAL TERM
Topical term or geographic name as entry element Molecular crystals
General subdivision Structure.
9 (RLIN) 4901
Source of heading or term BUEsh
650 #7 - SUBJECT ADDED ENTRY--TOPICAL TERM
Topical term or geographic name as entry element Twinning (Crystallography)
9 (RLIN) 4902
Source of heading or term BUEsh
655 ## - INDEX TERM--GENRE/FORM
Form subdivision Reading book
700 1# - ADDED ENTRY--PERSONAL NAME
Personal name Makovicky, E.,
9 (RLIN) 4903
Relator term author.
700 1# - ADDED ENTRY--PERSONAL NAME
Personal name Merlino, Stefano,
9 (RLIN) 4904
Relator term author.
856 41 - ELECTRONIC LOCATION AND ACCESS
Materials specified Table of contents only
Uniform Resource Identifier <a href="http://www.loc.gov/catdir/toc/fy052/2004301958.html">http://www.loc.gov/catdir/toc/fy052/2004301958.html</a>
856 42 - ELECTRONIC LOCATION AND ACCESS
Materials specified Publisher description
Uniform Resource Identifier <a href="http://www.loc.gov/catdir/enhancements/fy0620/2004301958-d.html">http://www.loc.gov/catdir/enhancements/fy0620/2004301958-d.html</a>
942 ## - ADDED ENTRY ELEMENTS (KOHA)
Source of classification or shelving scheme Dewey Decimal Classification
Koha item type Book - Borrowing
Holdings
Withdrawn status Lost status Source of classification or shelving scheme Damaged status Not for loan Collection code Home library Current library Shelving location Date acquired Source of acquisition Cost, normal purchase price Serial Enumeration / chronology Total Checkouts Full call number Barcode Date last seen Price effective from Koha item type
    Dewey Decimal Classification     Baccah Central Library Central Library First floor 20/05/2009   374.40 7117   548.81 FER 000016177 15/07/2025 20/05/2009 Book - Borrowing